01955cam a22003734i 4500003000900000005001700009008004100026035001900067040003300086082001900119100004100138245008800179250000500267264006400272300002800336336002100364337002500385338002300410500002200433504002800455505091100483526001001394526001001404526001001414526001001424526000801434526000801442526000801450526000801458526000801466526000801474526000801482650009101490PE-LiUPU20250731173123.0150623s r 000 0 d a(Sirsi) a25771 aPE-LiUPUbspacPE-LiUPUerda04a270.1bW422211 aWeiss, Johonnes,d1863-1914,eautor.10aEarliest Christianity :ba history of the period A.D. 30-150.n1 /cJohannes Weiss. b 1aNew York, New York :bHarper & Brothers, Publishers,c1959. a395 páginas ;c20 cm. atext2rdacontent aunmediated2rdamedia avolume2rdacarrier aExiste volumen 2. aIncluye bibliografía.0 aThe primitive community: The task and the materials. The rise of the new faith. The primitive community. The new doctrine. Expansion and opposition. The gentile mission and Paul the missionary: The problem and the sources. The hellenistic movement. The first stages of Paul's career. The first period of Paul's missionary activity. Leadin ideas for Paul's missionary preaching. The struggle for the freedom of the gentile christians. The second period of Paul's missionary activity. Paul the christian and theologian: The writer. The theological thinker. The Christ - faith. The new relationship to God. The new creation. The Hope. The pauline ethic. The world - view of Paul. The church. The missionary congregations and the beginnings of the church: The expansion of christianity during its first hundred years (A.D. 30-130). The separate areas: Judaea. Syria. Asia Minor. Macedonia and Achaia. Rome. aSEG42 aSEG41 aSEG40 aSEG39 aP94 aP87 aP86 aP85 aP77 aP76 aP3504aIglesia - HistoriaxHistoria de la Iglesia C.y30 - 150 d.C. - Período apostólico.